[Event "Euro Online U2300 Day 1"]
[Site "chess.com INT"]
[Date "2020.05.25"]
[Round "1"]
[White "Silich, Yahor"]
[Black "Loew, Gerald"]
[Result "1-0"]
[WhiteTitle "FM"]
[BlackTitle "FM"]
[WhiteElo "2330"]
[BlackElo "2152"]
[WhiteFideId "13513656"]
[BlackFideId "4615875"]
[EventDate "2020.05.25"]

1. e4 d6 2. d4 Nf6 3. Nc3 e5 4. Nf3 Nbd7 5. Be2 Be7 6. O-O O-O 7. h3 c6 8. a4 b6
9. Re1 a6 10. Bd3 Bb7 11. Bg5 b5 12. Qe2 b4 13. Nb1 a5 14. c3 h6 15. Bh4 Qb6 16.
Nbd2 Rfe8 17. Nc4 Qc7 18. Qc2 Ba6 19. Bg3 Bf8 20. Rad1 Nh5 21. Bh2 Nf4 22. Bf1
Ng6 23. Bg3 Bb7 24. Qd2 bxc3 25. bxc3 Ba6 26. Qc2 Rad8 27. Rd2 Qa7 28. Red1 exd4
29. Nxd4 Qc5 30. Nb3 Qg5 31. Nxd6 Bxf1 32. Kxf1 Bxd6 33. Rxd6 Nde5 34. Rxd8 Rxd8
35. Rxd8+ Qxd8 36. Qd2 Qb6 37. Qc2 c5 38. Kg1 c4 39. Nd4 Qc5 40. Kh2 Nd3 41. Qb1
Ngf4 42. Qb5 Qxb5 43. axb5 Ne6 44. Nxe6 fxe6 45. Bd6 Nxf2 46. b6 1-0

[Event "Euro Online U2300 Day 1"]
[Site "chess.com INT"]
[Date "2020.05.25"]
[Round "1"]
[White "Kryger, Oksana"]
[Black "Samunenkov, Ihor"]
[Result "1/2-1/2"]
[WhiteTitle "WIM"]
[WhiteElo "2107"]
[BlackElo "2142"]
[WhiteFideId "1404695"]
[BlackFideId "14187086"]
[EventDate "2020.05.25"]

1. d4 Nf6 2. c4 e6 3. Nf3 b6 4. a3 Bb7 5. Nc3 Ne4 6. Nxe4 Bxe4 7. e3 d5 8. Bd3
Bxd3 9. Qxd3 Be7 10. O-O O-O 11. e4 Qc8 12. cxd5 exd5 13. e5 Qg4 14. h3 Qg6 15.
Qxg6 hxg6 16. Bg5 Bxg5 17. Nxg5 c5 18. dxc5 bxc5 19. Rfd1 d4 20. b4 cxb4 21.
axb4 Nc6 22. b5 Nxe5 23. Rxd4 Rfc8 24. f4 Nc4 25. Rd7 Rf8 26. Raxa7 Rxa7 27.
Rxa7 Rb8 28. Rxf7 Rxb5 29. Rd7 Kf8 30. Ne6+ Ke8 31. Rxg7 Rb1+ 32. Kh2 Ne3 33.
Rxg6 Nf1+ 34. Kg1 Kf7 35. f5 Ng3+ 36. Kf2 Nxf5 37. Nf4 Rb4 38. Rf6+ Kxf6 39.
Nd5+ Kg5 40. Nxb4 Kh4 41. Nd5 Ng3 42. Nf4 Ne4+ 43. Ke3 Ng5 44. Ne2 Nxh3 45. g3+
Kg4 46. Ke4 Ng5+ 47. Ke3 Nf7 48. Kf2 Ng5 49. Ke3 Nf7 50. Ke4 Nh6 51. Ke5 Nf5 52.
Ke4 Nxg3+ 1/2-1/2

[Event "Euro Online U2300 Day 1"]
[Site "chess.com INT"]
[Date "2020.05.25"]
[Round "1"]
[White "Bin-Nun, Peleg"]
[Black "Lahav, Michal"]
[Result "0-1"]
[BlackTitle "WIM"]
[WhiteElo "2004"]
[BlackElo "2219"]
[WhiteFideId "2802660"]
[BlackFideId "2813742"]
[EventDate "2020.05.25"]

1. e4 e6 2. d4 d5 3. Nc3 Bb4 4. Ne2 Nf6 5. Bg5 dxe4 6. a3 Be7 7. Bxf6 Bxf6 8.
Nxe4 b6 9. N2g3 Bb7 10. c3 Nd7 11. Qf3 Bd5 12. c4 Bxe4 13. Qxe4 O-O 14. Bd3 g6
15. O-O-O c5 16. d5 exd5 17. Qxd5 Bg7 18. Be4 Qf6 19. Qd2 Rad8 20. Bd5 Ne5 21.
Qc2 Ng4 22. Ne4 Qe5 23. h4 b5 24. h5 bxc4 25. Bxc4 Rb8 26. hxg6 hxg6 27. Rd2 Qf4
28. Nc3 Qxc4 29. Rh4 Qf1+ 30. Rd1 Qxg2 31. Rdh1 Rfd8 32. Qe2 Ne5 33. Qe3 Qf3 34.
Qxf3 Nxf3 35. Rc4 Nd4 36. Ne4 Ne6 37. Rc2 Rd4 38. Nxc5 Nxc5 39. Rxc5 Rf4 40. Rc2
Rf3 41. Rd1 Bf6 42. Rd7 a5 43. Ra7 Rb5 44. Kb1 Kg7 45. Rd2 Rxa3 46. Rdd7 Rxb2+ 0-1

[Event "Euro Online U2300 Day 1"]
[Site "chess.com INT"]
[Date "2020.05.25"]
[Round "1"]
[White "Solakoglu, Ozgur"]
[Black "Gheorghiu, Calin"]
[Result "1/2-1/2"]
[WhiteTitle "FM"]
[BlackTitle "FM"]
[WhiteElo "1967"]
[BlackElo "2283"]
[WhiteFideId "6300510"]
[BlackFideId "1200305"]
[EventDate "2020.05.25"]

1. e4 c5 2. Nf3 d6 3. d4 cxd4 4. Nxd4 Nf6 5. Nc3 a6 6. Bc4 e6 7. Bb3 Nbd7 8. Be3
Nc5 9. f3 Be7 10. O-O O-O 11. Bc4 b5 12. Be2 Bb7 13. Nb3 Qc7 14. Qe1 d5 15. exd5
Nxd5 16. Nxd5 Bxd5 17. Nxc5 Bxc5 18. Bd3 Rac8 19. Kh1 Bxe3 20. Qxe3 Qc5 21. Qf4
Bc4 22. Bxc4 Qxc4 23. Qxc4 Rxc4 24. Rf2 Rd4 25. Kg1 Rfd8 26. Re1 h5 27. Kf1 g5
28. Rfe2 Kg7 29. Re5 Kf6 30. Kf2 Rd2+ 31. R1e2 h4 32. g3 Rxc2 33. Rxe6+ fxe6 34.
Rxc2 Rd1 35. gxh4 gxh4 36. Kg2 Kf5 37. Re2 e5 38. a3 Rd3 39. Kf2 Rb3 40. Kg2 a5
41. Kf2 b4 42. axb4 Rxb4 43. Ke3 e4 44. Kf2 exf3 45. Kxf3 Rb3+ 46. Kg2 Kf4 47.
Rc2 h3+ 48. Kf2 Ke4 49. Ke2 Kd4 50. Rd2+ Ke4 51. Rc2 Rb4 52. Rd2 Rc4 53. Kf2 Kf4
54. Re2 Rc1 55. Rd2 Rh1 56. Rd4+ Ke5 57. Rh4 Rxh2+ 58. Kg3 Rh1 59. Rh5+ Kd4 60.
Rxa5 Kc4 61. Rh5 Kb3 62. Rxh3 Rxh3+ 63. Kxh3 Kxb2 1/2-1/2

[Event "Euro Online U2300 Day 1"]
[Site "chess.com INT"]
[Date "2020.05.25"]
[Round "1"]
[White "Bulatov, Ramil"]
[Black "Schekachikhin, Maksim"]
[Result "1/2-1/2"]
[BlackTitle "IM"]
[WhiteElo "2222"]
[BlackElo "2406"]
[WhiteFideId "4166140"]
[BlackFideId "24177830"]
[EventDate "2020.05.25"]

1. d4 Nf6 2. Nf3 b6 3. c4 e6 4. Nc3 Bb4 5. Bg5 h6 6. Bh4 Bb7 7. Nd2 c5 8. d5
exd5 9. cxd5 O-O 10. e4 Re8 11. Be2 d6 12. f3 Nbd7 13. O-O a6 14. a3 Bxc3 15.
bxc3 b5 16. a4 c4 17. Rb1 Qa5 18. Nxc4 bxc4 19. Rxb7 Qxc3 20. Be1 Qe3+ 21. Bf2
Qg5 22. Bxc4 Ne5 23. Be2 Nh5 24. Kh1 Nf4 25. Bg3 f5 26. Qd2 Neg6 27. Bd3 Nxd3
28. Qxd3 fxe4 29. fxe4 Ne5 30. Qc3 Rf8 31. Rbb1 Rac8 32. Rxf8+ Rxf8 33. Bxe5
Qxe5 34. Qxe5 dxe5 35. g3 Rc8 36. Rb6 a5 37. Re6 Rc4 38. Rxe5 Rxa4 39. d6 Rd4
40. Re8+ Kf7 41. Re7+ Kf8 42. e5 a4 43. Ra7 Rd5 44. Rxa4 Rxe5 45. Ra8+ Re8 46.
Ra7 Rd8 47. Ra6 Kf7 48. Kg2 Ke6 49. d7+ Ke7 50. Rg6 Kf7 51. Rd6 Ke7 52. Rg6 Kf7
53. Ra6 Rxd7 54. Kf3 1/2-1/2

[Event "Euro Online U2300 Day 1"]
[Site "chess.com INT"]
[Date "2020.05.25"]
[Round "1"]
[White "Protopopova, Anastasiya"]
[Black "Bashirli, Nail"]
[Result "0-1"]
[WhiteTitle "WFM"]
[BlackTitle "IM"]
[WhiteElo "2192"]
[BlackElo "2382"]
[WhiteFideId "24172073"]
[BlackFideId "13406809"]
[EventDate "2020.05.25"]

1. d4 Nf6 2. c4 e6 3. g3 Bb4+ 4. Bd2 Bxd2+ 5. Nxd2 O-O 6. Bg2 d6 7. e4 e5 8. d5
a5 9. Ne2 Na6 10. O-O Nc5 11. Nc3 Bd7 12. b3 c6 13. Qe2 Rb8 14. a3 cxd5 15. cxd5
b5 16. b4 axb4 17. axb4 Na4 18. Rfc1 Qb6 19. Nd1 Rfc8 20. Nb3 h5 21. Qd2 Rc4 22.
Ne3 Rxc1+ 23. Rxc1 Ng4 24. Nxg4 hxg4 25. Bf1 Rc8 26. Rxc8+ Bxc8 27. Be2 Qc7 28.
Bxb5 Nb6 29. Bf1 Bb7 30. Na5 Bc8 31. Nc6 f5 32. exf5 Bxf5 33. Bg2 Kf7 34. Qg5
Qd7 35. Qh5+ Bg6 36. Qg5 Bd3 37. Nd8+ Kg8 38. Ne6 Qa7 39. h4 gxh3 40. Bf3 Nc4
41. Qd8+ Kh7 42. Nf8+ Kg8 43. Ne6+ Kh7 44. Qc7 h2+ 45. Kxh2 Qxf2+ 46. Bg2 Qf6
47. b5 Ne3 48. Qc3 Ng4+ 49. Kh3 Bf5 50. Be4 Qh6+ 51. Kg2 Qh2+ 52. Kf3 Qf2# 0-1

[Event "Euro Online U2300 Day 1"]
[Site "chess.com INT"]
[Date "2020.05.25"]
[Round "1"]
[White "Laux, Dominik"]
[Black "Eigminas, Kipras"]
[Result "1/2-1/2"]
[WhiteElo "2009"]
[BlackElo "2116"]
[WhiteFideId "12994219"]
[BlackFideId "12808423"]
[EventDate "2020.05.25"]

1. d4 Nf6 2. Bg5 c5 3. Bxf6 gxf6 4. d5 Qb6 5. Qc1 f5 6. c4 Bg7 7. Nc3 O-O 8. e3
Qg6 9. Nh3 d6 10. Nf4 Qh6 11. Bd3 e5 12. Nfe2 e4 13. Bc2 Nd7 14. Nf4 Ne5 15. Bb3
Bd7 16. O-O Rab8 17. a4 b6 18. Qc2 a6 19. f3 exf3 20. gxf3 Kh8 21. Kh1 Bf6 22.
Qe2 Bg5 23. Ng2 Bf6 24. Bc2 Rg8 25. Rg1 Ng6 26. Raf1 Rbe8 27. f4 Nh4 28. Nxh4
Qxh4 29. Qf3 Rg4 30. Nd1 Reg8 31. b3 b5 32. Nf2 Rxg1+ 33. Rxg1 Rxg1+ 34. Kxg1
bxc4 35. bxc4 Bg7 36. Qg3 Qf6 37. Qg5 Qxg5+ 38. fxg5 f6 39. h4 fxg5 40. hxg5 Be5
41. Kg2 Kg7 42. Nh3 Bc3 43. Nf4 Bd2 44. Kf3 Bc3 45. Kg3 Be5 46. Kf3 h6 47. Ne6+
Bxe6 48. dxe6 hxg5 49. Bxf5 Kf6 50. e4 Bf4 51. Kg4 Be3 1/2-1/2

[Event "Euro Online U2300 Day 1"]
[Site "chess.com INT"]
[Date "2020.05.25"]
[Round "1"]
[White "Agrest, Inna"]
[Black "Hrabinska, Myroslava"]
[Result "1/2-1/2"]
[WhiteTitle "WIM"]
[BlackTitle "WGM"]
[WhiteElo "2284"]
[BlackElo "2235"]
[WhiteFideId "1708830"]
[BlackFideId "14109190"]
[EventDate "2020.05.25"]

1. e4 c5 2. Nf3 Nc6 3. d4 cxd4 4. Nxd4 e5 5. Nb5 d6 6. N1c3 a6 7. Na3 b5 8. Nd5
Nge7 9. c4 Nd4 10. Bd3 Nxd5 11. cxd5 Be7 12. O-O O-O 13. Be3 Bg5 14. Bxd4 exd4
15. Nc2 Qb6 16. a4 Bd7 17. axb5 axb5 18. Qh5 Bf6 19. h3 b4 20. Rfd1 Ba4 21. Qf5
Be5 22. Rac1 g6 23. Qg4 Bb3 24. Ra1 Bxc2 25. Bxc2 d3 26. Bxd3 Bxb2 27. Rxa8 Rxa8
28. Qe2 Bd4 29. Bc4 Qc5 30. Bb3 Ra3 31. Rb1 Qc3 32. Qc2 Qxc2 33. Bxc2 Ra2 34.
Rxb4 Bxf2+ 35. Kxf2 Rxc2+ 36. Kf3 Kf8 37. Rb7 Rc3+ 38. Kf4 Ra3 39. g3 Ra6 40.
Kg5 Kg7 41. h4 h6+ 42. Kf4 Kf6 43. Kg4 Ra4 44. Kf3 g5 45. hxg5+ hxg5 46. Rd7 Ke5
47. Re7+ Kf6 48. Rd7 Ra6 49. Kg4 Ra4 50. Kf3 1/2-1/2

[Event "Euro Online U2300 Day 1"]
[Site "chess.com INT"]
[Date "2020.05.25"]
[Round "1"]
[White "Simonovic, Miroslav"]
[Black "Hakobyan, Hakob V."]
[Result "1-0"]
[WhiteTitle "CM"]
[WhiteElo "2129"]
[BlackElo "2070"]
[WhiteFideId "919152"]
[BlackFideId "13308807"]
[EventDate "2020.05.25"]

1. d4 d5 2. Bg5 c5 3. c3 Nc6 4. e3 h6 5. Bh4 g6 6. Nd2 Bg7 7. dxc5 a5 8. a4 Nf6
9. Bb5 O-O 10. Ne2 e5 11. O-O Be6 12. Bg3 Nd7 13. Bxc6 bxc6 14. b4 f5 15. Nb3 g5
16. f4 axb4 17. cxb4 Qb8 18. fxe5 Qxb4 19. Ned4 Rae8 20. Qc2 Qc4 21. Qxc4 dxc4
22. Nxe6 cxb3 23. Nxf8 Bxf8 24. Rab1 Nxc5 25. Rxf5 Ra8 26. e6 Nxe6 27. Rxb3 Rxa4
28. Rb8 Ra1+ 29. Kf2 Ra2+ 30. Ke1 Ra1+ 31. Kd2 Kh7 32. Rfxf8 Nxf8 33. Rxf8 Ra2+
34. Kd3 Rxg2 35. Rf6 h5 36. Rxc6 h4 37. Be5 g4 38. Rc7+ Kg6 39. Ke4 g3 40. Rg7+
Kh6 41. hxg3 h3 42. Rg8 h2 43. Rh8+ Kg5 44. Bf4+ Kg6 45. Kf3 Ra2 46. g4 h1=Q+
47. Rxh1 Ra4 48. Rh6+ Kg7 49. Rc6 Rb4 50. g5 Rb1 51. Kg4 Rb5 52. Rc7+ Kg6 53.
Rc6+ Kg7 54. Kh5 Rb1 55. Rc7+ Kg8 56. Kg6 Rb6+ 57. Kf5 Rb5+ 58. Be5 Rb6 59. e4
Ra6 60. g6 Ra8 61. Rb7 Rf8+ 62. Kg5 Re8 63. Rb8 1-0

[Event "Euro Online U2300 Day 1"]
[Site "chess.com INT"]
[Date "2020.05.25"]
[Round "1"]
[White "Melnikov, Sergey"]
[Black "Babiy, Olga"]
[Result "1/2-1/2"]
[BlackTitle "WGM"]
[WhiteElo "2039"]
[BlackElo "2228"]
[WhiteFideId "34141062"]
[BlackFideId "14117258"]
[EventDate "2020.05.25"]

1. d4 d5 2. c4 dxc4 3. e3 Nf6 4. Bxc4 a6 5. Nf3 e6 6. O-O c5 7. dxc5 Bxc5 8. Nc3
Qc7 9. Qe2 Nc6 10. a3 O-O 11. b4 Bd6 12. Bb2 Ng4 13. h3 Nge5 14. Nxe5 Nxe5 15.
Bb3 Qe7 16. Ne4 Bb8 17. f4 Nc6 18. Bc2 f5 19. Nc5 b6 20. Nd3 Bb7 21. Ne5 Bxe5
22. fxe5 Qg5 23. Bb3 Qg6 24. Rad1 Rad8 25. Rd6 Rxd6 26. exd6 Nd8 27. Rd1 Kh8 28.
Rd2 Qf7 29. Qc4 Bd5 30. Qc3 Bxb3 31. Qxb3 Qd7 32. Qc3 Rf7 33. Qd4 b5 34. Rc2 Kg8
35. Rc7 Qe8 36. d7 Qe7 37. Kh2 Kf8 38. Bc3 Qg5 39. Qd6+ Kg8 40. Qd4 f4 41. exf4
Rxf4 42. Qe5 Rf5 43. Qg3 Qe7 44. Rc8 Rf7 45. Rc7 Rf5 46. Rc8 Rf7 47. Rc7 Rf5 1/2-1/2

[Event "Euro Online U2300 Day 1"]
[Site "chess.com INT"]
[Date "2020.05.25"]
[Round "1"]
[White "Papadopoulos, Georgios3"]
[Black "Jovancevic, Jovan"]
[Result "1/2-1/2"]
[WhiteElo "2347"]
[BlackElo "2117"]
[WhiteFideId "4210271"]
[BlackFideId "900702"]
[EventDate "2020.05.25"]

1. d4 Nf6 2. Bf4 d5 3. e3 e6 4. Nf3 Bd6 5. Bxd6 Qxd6 6. c4 b6 7. cxd5 Nxd5 8. e4
Nf6 9. Nc3 Qb4 10. Qd2 Bb7 11. Bb5+ c6 12. Bd3 c5 13. a3 Qa5 14. O-O Nbd7 15. e5
cxd4 16. exf6 dxc3 17. fxg7 Rg8 18. Qh6 cxb2 19. Rae1 Qc3 20. Rxe6+ Kd8 21. Rd6
Qxg7 22. Qxg7 Rxg7 23. Bf5 f6 24. Rfd1 b1=Q 25. Rxb1 Bxf3 26. Rxd7+ Rxd7 27.
Bxd7 Kxd7 28. gxf3 Kc6 29. Kg2 Rg8+ 30. Kh3 Kc5 31. Rd1 a5 32. Rd7 h6 33. Kh4 b5
34. Kh5 Rg2 35. Rd2 Rxh2+ 36. Kg6 Rh3 37. f4 Rxa3 38. f5 Rf3 39. Kxf6 b4 40. Kg6
Kc4 41. f6 Kc3 42. Rd5 Rxf2 43. Rf5 Rg2+ 44. Kxh6 Rd2 45. Rxa5 b3 46. f7 Rf2 47.
Kg7 b2 48. Rb5 Kc2 49. Rxb2+ Kxb2 50. f8=Q Rxf8 51. Kxf8 1/2-1/2

[Event "Euro Online U2300 Day 1"]
[Site "chess.com INT"]
[Date "2020.05.25"]
[Round "1"]
[White "Kniazev, Alexander V."]
[Black "Hulka, Valentyn"]
[Result "1/2-1/2"]
[WhiteTitle "FM"]
[WhiteElo "2236"]
[BlackElo "1892"]
[WhiteFideId "4144120"]
[BlackFideId "34107061"]
[EventDate "2020.05.25"]

1. e4 c5 2. Nf3 d6 3. d4 cxd4 4. Nxd4 Nf6 5. Nc3 e5 6. Nde2 Nc6 7. g3 Be7 8. Bg2
O-O 9. O-O a6 10. h3 b5 11. Be3 Bb7 12. f4 Rc8 13. Qe1 Qc7 14. Qf2 Qb8 15. Rad1
Na5 16. Rc1 Qa8 17. b3 Nxe4 18. Bxe4 Bxe4 19. Bb6 Bd8 20. Rfd1 exf4 21. Bxd8
Rcxd8 22. Nxf4 b4 23. Na4 Qc6 24. Rd4 d5 25. Rxb4 Qh6 26. Kh2 Rd6 27. Rb6 Rc8
28. c3 Qf6 29. Rxd6 Qxd6 30. Qb6 Qa3 31. Ra1 Nc4 32. Qxa6 Rb8 33. Qa7 Rd8 34.
Qc5 Qxc5 35. Nxc5 Ne5 36. g4 Rc8 37. b4 g5 38. Ne2 Kg7 39. Nd4 Kg6 40. Kg3 h5
41. a4 hxg4 42. hxg4 Rh8 43. Nxe4 dxe4 44. Re1 Nd3 45. Rxe4 Nf4 46. Nf3 Rh3+ 47.
Kf2 Nd3+ 48. Ke3 Nf4 49. Kf2 Nd3+ 50. Kg2 Nf4+ 51. Kf2 1/2-1/2

[Event "Euro Online U2300 Day 1"]
[Site "chess.com INT"]
[Date "2020.05.25"]
[Round "1"]
[White "Tymrakiewicz, Rafal"]
[Black "Tsereteli, Kakhaber"]
[Result "1-0"]
[WhiteTitle "FM"]
[WhiteElo "2253"]
[BlackElo "1990"]
[WhiteFideId "1108832"]
[BlackFideId "13604503"]
[EventDate "2020.05.25"]

1. d4 d5 2. Bf4 Nf6 3. e3 g6 4. Nf3 Bg7 5. Nbd2 O-O 6. Bd3 c6 7. c3 Nbd7 8. O-O
Nh5 9. Bg5 f5 10. c4 Qe8 11. cxd5 cxd5 12. Rc1 e5 13. dxe5 Nxe5 14. Nxe5 Qxe5
15. Nf3 Qxb2 16. Rc2 Qb6 17. Be7 Re8 18. Bc5 Qa5 19. Bd4 Be6 20. Qa1 Rac8 21.
Rfc1 Rxc2 22. Rxc2 Rc8 23. Qc1 Rxc2 24. Qxc2 Bxd4 25. Nxd4 Bd7 26. Kf1 Nf6 27.
Nb3 Qb6 28. Qc3 Ne4 29. Qe5 Bb5 30. Qxd5+ Kg7 31. Qxb5 Qd6 32. Qc4 Nf6 33. Qd4
Qb6 34. Qxb6 axb6 35. Ke2 Kf7 36. f3 Ke7 37. e4 fxe4 38. fxe4 Kd6 39. h3 Ke5 40.
Ke3 Nd7 41. Nd4 Nc5 42. Nf3+ Ke6 43. Kd4 Kd6 44. Bc4 Nd7 45. e5+ Ke7 46. Nd2 Nc5
47. Ne4 Nd7 48. Bd5 Nf8 49. Nd6 Nd7 50. Nxb7 g5 51. Nd6 Nc5 52. Ne4 Nd7 53. Bc6
Nf8 54. Nxg5 h6 55. Nf3 Ne6+ 56. Ke3 Nc5 57. Bd5 1-0

[Event "Euro Online U2300 Day 1"]
[Site "chess.com INT"]
[Date "2020.05.25"]
[Round "1"]
[White "Razafindratsima, Timothe"]
[Black "Eynullayev, Atilla"]
[Result "0-1"]
[WhiteTitle "FM"]
[WhiteElo "2336"]
[BlackElo "2347"]
[WhiteFideId "36069884"]
[BlackFideId "13413570"]
[EventDate "2020.05.25"]

1. e4 e5 2. Nf3 Nc6 3. Bb5 Nf6 4. d3 Bc5 5. O-O d6 6. c3 O-O 7. h3 Ne7 8. Ba4
Ng6 9. Re1 c6 10. d4 Bb6 11. Bc2 Re8 12. Nbd2 Bc7 13. Nf1 d5 14. exd5 e4 15. Ne5
cxd5 16. Nxg6 hxg6 17. Ng3 Qd6 18. c4 dxc4 19. Bg5 Bf5 20. Bxf6 Qxf6 21. Nxf5
gxf5 22. Qe2 Qd6 23. g3 Qxd4 24. Rad1 Qc5 25. Kg2 Rad8 26. h4 Rxd1 27. Rxd1 Rd8
28. h5 Rxd1 29. Qxd1 Bb6 30. Qd2 Qd4 31. Qf4 Qd5 32. Kh2 g6 33. b3 c3 34. Qg5
Qd6 35. Kg2 Bd8 36. Qe3 Qd2 37. Qxd2 cxd2 38. Kf1 gxh5 39. Ke2 Ba5 40. a3 Bc3
41. f3 exf3+ 42. Kxf3 Kg7 43. Ke3 Kg6 44. Kd3 Be5 45. Kxd2 Bxg3 46. Ke2 Kg5 47.
Kf3 f4 48. a4 h4 49. Kg2 Kf6 50. Be4 b6 51. b4 Ke5 52. Bc6 Be1 53. b5 Kd4 54.
Kf3 Bg3 55. Kg4 Ke3 56. Kh3 f3 57. a5 f2 58. Bg2 Ke2 59. axb6 axb6 60. Bf3+ Ke1 0-1

[Event "Euro Online U2300 Day 1"]
[Site "chess.com INT"]
[Date "2020.05.25"]
[Round "1"]
[White "Sokolovsky, Yahli"]
[Black "Reizniece-Ozola, Dana"]
[Result "0-1"]
[BlackTitle "WGM"]
[WhiteElo "2123"]
[BlackElo "2311"]
[WhiteFideId "2820242"]
[BlackFideId "11601124"]
[EventDate "2020.05.25"]

1. e4 d6 2. d4 g6 3. Bd3 Bg7 4. c3 Nf6 5. Nf3 O-O 6. h3 c5 7. O-O cxd4 8. cxd4
Nc6 9. Re1 Bd7 10. Nc3 Rc8 11. Be3 a6 12. Qd2 b5 13. Bh6 Qb6 14. Bxg7 Kxg7 15.
e5 Ne8 16. Nd5 Qa7 17. exd6 exd6 18. Bf1 Nc7 19. Nf4 f6 20. Rac1 Rfe8 21. Qc3
Ne6 22. Rxe6 Bxe6 23. d5 Nd8 24. Qd2 Rxc1 25. Qxc1 Bd7 26. h4 Nf7 27. Qd2 Ne5
28. Nd4 Rc8 29. h5 g5 30. Nfe6+ Kh8 31. f4 Bxe6 32. dxe6 Nc6 33. Qe2 Qxd4+ 34.
Kh1 Qxf4 35. e7 Re8 36. Qe6 Qh4+ 37. Kg1 Qd4+ 38. Kh1 Nxe7 39. Qf7 Qh4+ 40. Kg1
Qd4+ 41. Kh1 Rg8 42. Qxe7 Qd1 43. Kg1 Qd4+ 44. Kh1 g4 45. Qf7 g3 46. Be2 Qh4+
47. Kg1 Qh2+ 0-1

[Event "Euro Online U2300 Day 1"]
[Site "chess.com INT"]
[Date "2020.05.25"]
[Round "1"]
[White "Nikolova, Adriana"]
[Black "Aliakbarov, Anar"]
[Result "0-1"]
[WhiteTitle "WGM"]
[BlackTitle "FM"]
[WhiteElo "2247"]
[BlackElo "2219"]
[WhiteFideId "2908689"]
[BlackFideId "13401858"]
[EventDate "2020.05.25"]

1. e4 e5 2. Nf3 Nc6 3. Bb5 a6 4. Ba4 Nf6 5. O-O Be7 6. Re1 b5 7. Bb3 d6 8. c3
O-O 9. h3 Na5 10. Bc2 c5 11. d4 Qc7 12. Nbd2 cxd4 13. cxd4 Bb7 14. d5 Rac8 15.
Bd3 Nd7 16. Nf1 f5 17. Bg5 Qd8 18. Bxe7 Qxe7 19. b3 Nc5 20. exf5 Bxd5 21. f6 Qb7
22. Ng5 Nxd3 23. Qxd3 gxf6 24. Nxh7 e4 25. Qd2 Nxb3 26. axb3 Kxh7 27. Ne3 Be6
28. Qxd6 Qc6 29. Qf4 Rf7 30. Nf5 Bxf5 31. Qxf5+ Kg8 32. Rxe4 Rd8 33. Re6 Qc3 34.
Rae1 Rg7 35. Re8+ Rxe8 36. Rxe8+ Kf7 37. Qe6+ Kg6 38. Qg4+ Kf7 39. Qh5+ Rg6 40.
Qh7+ Rg7 41. Qh5+ Rg6 42. Qh7+ Rg7 43. Re7+ Kxe7 44. Qxg7+ Ke6 45. Qg8+ Ke7 46.
Qd5 Qe1+ 47. Kh2 Qe5+ 48. Qxe5+ fxe5 49. h4 a5 50. h5 a4 51. bxa4 bxa4 52. g4 a3
53. h6 Kf7 54. g5 Kg6 55. Kg3 a2 56. Kg4 a1=Q 0-1

[Event "Euro Online U2300 Day 1"]
[Site "chess.com INT"]
[Date "2020.05.25"]
[Round "1"]
[White "Saveliev, Alexei"]
[Black "Gasimov, Parviz"]
[Result "0-1"]
[WhiteTitle "IM"]
[BlackTitle "FM"]
[WhiteElo "2352"]
[BlackElo "2337"]
[WhiteFideId "24128546"]
[BlackFideId "13408798"]
[EventDate "2020.05.25"]

1. e4 e6 2. d4 d5 3. Nc3 Bb4 4. e5 c5 5. Bd2 Ne7 6. Nb5 Bxd2+ 7. Qxd2 O-O 8.
dxc5 Nd7 9. f4 Nxc5 10. Nd6 Bd7 11. Nf3 Nc8 12. Nxc8 Rxc8 13. Bd3 Qb6 14. Rb1
Rfd8 15. c3 Bb5 16. Bc2 Qa6 17. a3 Bd3 18. Rd1 Be4 19. Nd4 Qc4 20. Kf2 Bxc2 21.
Qxc2 Ne4+ 22. Kf3 b5 23. Rhe1 a5 24. Qd3 Nc5 25. Qe2 b4 26. Qxc4 dxc4 27. axb4
axb4 28. Nc6 Nd3 29. Ne7+ Kf8 30. Nxc8 Nxe1+ 31. Rxe1 Rxc8 32. cxb4 Rb8 33. Ke3
Rxb4 34. Re2 Ke7 35. g3 Kd7 36. Kd4 Kc6 37. Kc3 Kc5 38. Rd2 Rb3+ 39. Kc2 Rf3 40.
Rd7 Rf2+ 41. Kb1 Rf1+ 42. Ka2 Rf2 43. Rxf7 Rxh2 44. Rxg7 h5 45. Rd7 Rg2 46. Rg7
h4 47. g4 h3 48. g5 h2 49. Rh7 c3 0-1

[Event "Euro Online U2300 Day 1"]
[Site "chess.com INT"]
[Date "2020.05.25"]
[Round "1"]
[White "Godzwon, Iwo"]
[Black "Vega Gomez, Francisco B."]
[Result "1-0"]
[WhiteTitle "FM"]
[BlackTitle "FM"]
[WhiteElo "2347"]
[BlackElo "2272"]
[WhiteFideId "21802483"]
[BlackFideId "2268086"]
[EventDate "2020.05.25"]

1. e4 e5 2. Nf3 d6 3. d4 Nf6 4. Nc3 Nbd7 5. Bc4 Be7 6. O-O O-O 7. a4 c6 8. Ba2
h6 9. h3 Re8 10. Re1 Qc7 11. d5 Bf8 12. a5 cxd5 13. Bxd5 Nxd5 14. Nxd5 Qd8 15.
Bd2 Nf6 16. Bb4 Nxd5 17. Qxd5 Be6 18. Qd3 Qc7 19. b3 d5 20. Bxf8 dxe4 21. Qxe4
Rxf8 22. Nxe5 Rfe8 23. Nf3 Rac8 24. c4 Bd7 25. Qd4 Rxe1+ 26. Nxe1 a6 27. Nd3 Re8
28. Nb4 Bc6 29. Nd5 Qe5 30. Qxe5 Rxe5 31. Ne3 Kf8 32. Kf1 f5 33. Nc2 Be4 34. Nb4
f4 35. f3 Bf5 36. Nd5 Bd3+ 37. Kg1 g5 38. Nb6 Ke7 39. b4 Ke6 40. Rd1 Bc2 41. Rd7
Re1+ 42. Kh2 Rb1 43. Rxb7 Rxb4 44. Ra7 Bd3 45. Rxa6 Ke5 46. Nd7+ Kd4 47. Rd6+
Kc3 48. Ne5 Bf1 49. Kg1 Rb1 50. Kf2 Bxc4 51. Rc6 Kd4 52. Nxc4 Ra1 53. Nd2 Kd5
54. Rxh6 Rxa5 55. Rg6 Ra2 56. Rxg5+ Kd4 57. Ke2 Kc3 58. Rc5+ Kd4 59. Rc4+ Kd5
60. Rxf4 1-0

[Event "Euro Online U2300 Day 1"]
[Site "chess.com INT"]
[Date "2020.05.25"]
[Round "1"]
[White "Zeman, Matyas"]
[Black "Kabanova, Ekaterina"]
[Result "0-1"]
[BlackTitle "WFM"]
[WhiteElo "2278"]
[BlackElo "2138"]
[WhiteFideId "364398"]
[BlackFideId "24112917"]
[EventDate "2020.05.25"]

1. e4 c5 2. Nc3 e6 3. g3 a6 4. Bg2 Qc7 5. Nge2 b5 6. O-O Bb7 7. d3 d6 8. Be3 Nf6
9. h3 h5 10. f4 g6 11. Qe1 Nbd7 12. Qf2 Be7 13. Rae1 b4 14. Nb1 d5 15. e5 Ng8
16. c4 bxc3 17. bxc3 Nh6 18. c4 d4 19. Bc1 Nf5 20. Be4 Rb8 21. Na3 Qa5 22. Qg2
Qc7 23. Nc2 Nb6 24. Bxb7 Rxb7 25. g4 hxg4 26. hxg4 Nh4 27. Qe4 Nd7 28. Ng3 Rb8
29. Ba3 Qb7 30. Qxb7 Rxb7 31. Ne4 g5 32. Nd6+ Bxd6 33. exd6 gxf4 34. Rxf4 Ng6
35. Rfe4 Rh3 36. Rd1 Rb6 37. Kg2 Rh8 38. Kg3 Rxd6 39. Rb1 Ke7 40. Rb7 Kf6 41.
Nxd4 Rd8 42. g5+ Kg7 43. Nf3 Rxd3 44. Bb2+ e5 45. Rb3 Rxb3 46. axb3 Rb8 47. Re3
f6 48. Kg4 Kf7 49. gxf6 Kxf6 50. Ng5 Rg8 51. Rf3+ Ke7 52. Rf7+ Ke8 53. Rf5 Ne7
54. Rf1 Nc6 55. Kh5 Nd4 56. Ne4 Ke7 57. Rf2 Ne6 58. Rd2 Nf4+ 59. Kh6 Nf8 0-1